| 000 | 00744nam a2200205Ia 4500 | ||
|---|---|---|---|
| 003 | 0 | ||
| 005 | 20250115145716.0 | ||
| 008 | 161205s9999 xx 000 0 und d | ||
| 050 |
_aPHS BF 637.V52 _b.G633 2015 |
||
| 100 | _aGomez, Juan Carlos M. | ||
| 245 |
_aViolent video games and aggressive behavior of grade 11 male students of SISC _cJuan Carlos M. Gomez |
||
| 260 |
_aLas PiƱas, Philippines : _bSouthville International School and Colleges, _c2015. |
||
| 300 |
_aiii, 19 p. : _bill. ; _c28 cm. |
||
| 504 | _aIncludes bibliographical references. | ||
| 650 | _aAggressiveness. | ||
| 650 | _aVideo games and teenagers. | ||
| 650 |
_aVideo games _vPsychological aspects. |
||
| 650 |
_aStudents _vUse of leisure time. |
||
| 942 |
_2lcc _cPASS |
||
| 999 |
_c305314 _d305314 |
||